01484cam a22003737a 4500003000500000005001700005008004100022010001000063011001000073035001000083040000900093090001800102100003700120245013900157260011300296300001000409590004100419590004100460590004100501590004100542590004100583590004100624590004200665650004200707650002700749700003900776700004400815901000700859905002300866942000900889949005700898999001700955952013800972CHAP20220329141928.0980702s1997 mx a r 00010 spa d a75861 a76833 a86424 cCHAP aFolleto 1492700aGarcía López, Carlos.94620510aControl en los registros catalográficos a través de catálogos de autoridad automatizadosc/por Carlos García López [y otros] a[México, D. F. ] :bUniversidad Nacional Autónoma de México. Dirección General de Bibliotecas,c199? a18 h. aBATCH-UPDb10c20130110lUCH01h0444 aBATCH-UPDb10c20130110lUCH01h2329 aBATCH-UPDb10c20130410lUCH01h0121 aBATCH-UPDb10c20130410lUCH01h1618 aBATCH-UPDb10c20130914lUCH01h0623 aBATCH-UPDb10c20130914lUCH01h2130 aCONVERSIONb10c20130109lUCH01h134114aBibliotecasxAutomatización.91249514aCatalogación.9204840 aRamírez Nieto, Alejandro.9941680 aRosa Valgañon, Patricia de la.999865 aBK aLilia Sánchez G. cFOLL aFolleto 14927bBCcBd864241eBi86424kDonaciØnst c75861d75861 00104054718BaBCbBCcPA_BIBd2012-12-17fFOLLl0oFolleto 14927p864241r2019-12-31 00:00:00w2019-12-31yFOLLzRecien adquirido